| 000 | 00749nam0a22002531 4500 | ||
|---|---|---|---|
| 001 | v19\rc\1947886 | ||
| 005 | 20250619204340.0 | ||
| 035 | _a(NLR Aleph) 005033136 | ||
| 090 |
_a6712709 _c6712709 |
||
| 100 | _a20080428d1913 |||y0rusy50 ca | ||
| 101 | 0 | _arus | |
| 102 | _aRU | ||
| 105 | _aa z ||||| | ||
| 200 | 1 |
_aЗвери и люди _eЮморист. альм. _fРед.-изд. Травина Н. |
|
| 210 |
_aМосква _d[1913] |
||
| 215 |
_a8 с. _cил. |
||
| 309 | _aБез тит. л. и обл. | ||
| 702 | 1 |
_aТравина _bН.Н. _gНадежда Николаевна _4340 |
|
| 801 | 0 |
_aRU _bNLR _gpsbo |
|
| 801 | 0 |
_aRU _bRuMoRGB _2psbo |
|
| 801 | 1 |
_aRU _bProSoft-M _2rusmarc |
|
| 852 |
_aNLR _j37.53.3.218 |
||
| 942 | _cBOOK | ||
| 980 | _aNB | ||